| 000 | 00871cas a22002657a 4500 | ||
|---|---|---|---|
| 005 | 20220329142319.0 | ||
| 008 | 000612u1976 es zn pernn 0 b1spa d | ||
| 010 | _a81504 | ||
| 011 | _a82476 | ||
| 022 | _a0210-3311 | ||
| 035 | _a92972 | ||
| 245 | 0 | 0 |
_aComunicaciones I.N.I.A. Serie : _bGeneral _c/por Instituto Nacional de Investigaciones Agrarias |
| 260 | 0 |
_aMadrid, España : _bInstituto Nacional de Investigaciones Agrarias, _c1976- |
|
| 300 | _av. | ||
| 310 | _aIrregular | ||
| 362 | _an.14, 1984 | ||
| 590 |
_aBATCH-UPD _b10 _c20130110 _lUCH01 _h2357 |
||
| 590 |
_aBATCH-UPD _b10 _c20130410 _lUCH01 _h1643 |
||
| 590 |
_aCONVERSION _b10 _c20130109 _lUCH01 _h1345 |
||
| 650 | 1 | 4 |
_aAgricultura _xInvestigacion _xPublicaciones periodicas. _91661 |
| 866 | _an.1-3 (1976-1978) | ||
| 866 | _an.5-18 (1980-1986) | ||
| 901 | _aSE | ||
| 905 | _aLilia Sánchez G. | ||
| 999 |
_c81504 _d81504 |
||